00585 2200181 4500001002100000005001500021035002000036007000300056008004100059082001000100084001600110100002700126245006100153260011000214300004000324650001000364650002900374INLIS00000000000105920241011093020 a0010-1024000029ta241011 g 0 ind  a635.6 a635.6 HEN b0 aHenni Kristina Tarigan1 aBuku Saku Melon cucumis melo L /cHenni Kristina Tarigan aJakarta :bDIREKTORAT BUAH DAN FLORIKULTURA DIREKTORAT JENDERAL HORTIKULTURA KEMENTERIAN PERTANIAN,c2016 a61 hlm, :bilus, ;c21 cm X 29,5 cm 4aMelon 4aTeknologi Budidaya Melon